000 00458 a2200157 4500
005 20250626054545.0
020 _a0-393-97043-4
082 _a808.0427(dc20)C LIT
100 _aLITERACIES.
245 _aLiteracies: Reading, Writing, Interpretation,
250 _a7th Ed.
260 _aNew York,
_bw.w. Norton & Company Ltd,
_c1997.
300 _axli.; 704p.
_bBibliography,
_c23cm.
700 _aBRUNK, T. DIAMOND, S. PERKINS, P. SMITH, K.
942 _2ddc
_cBKS
999 _c5171
_d5171